English poetry (1170-1892)

שמור ב:
מידע ביבליוגרפי
מחבר ראשי: Manly, John Matthews
פורמט: ספר
שפה:Undetermined
יצא לאור: Boston, Estados Unidos Ginn 1907
נושאים:
תגים: הוספת תג
אין תגיות, היה/י הראשונ/ה לתייג את הרשומה!

MARC

LEADER 00000nam a2200000Ia 4500
008 170316s9999 xx 000 0 und d
040 |a cru BVZT 
090 |a 820 M-4e 
100 |a Manly, John Matthews 
245 |a English poetry (1170-1892) 
260 |a Boston, Estados Unidos 
260 |b Ginn 
260 |c 1907 
300 |a 580 páginas 
650 |a LITERATURA INGLESA 
999 |c 7031  |d 7031 
942 |c 15 D  |h 820 M-4e  |2 z